| 000 | 00932nam a22002657a 4500 | ||
|---|---|---|---|
| 003 | OSt | ||
| 005 | 20140310181924.0 | ||
| 008 | 130719t xxu||||| |||| 00| 0 eng d | ||
| 020 | _a7805629226 | ||
| 050 |
_aNA 7449.F85 _b.H432 2002 |
||
| 082 |
_aTR 951.7 _bH34 2002 |
||
| 100 |
_aHe, Baoguo _92270 |
||
| 245 |
_aYong yuan de jia yuan = a home forever : _btu lou man you = strolling around the earth circular buildings / _cBaoguo He |
||
| 250 | _a1st ed. | ||
| 260 |
_aFuzhou Shi : _bHai chao she ying yi shu chu, _cc2002. |
||
| 300 |
_a178 p. _bcol. : ill. ; _c22 cm. |
||
| 521 | _aFaculty | ||
| 541 | _j1 | ||
| 562 | _e1 | ||
| 650 |
_aArchitechture, Domestic _xChina _xFujian Sheng _92271 |
||
| 650 |
_aEarth houses _xChina _xFujian Sheng _92272 |
||
| 650 |
_aHakka (Chinese people) _xDwellings _xChina _xFujian Sheng _92273 |
||
| 650 |
_aVernacular architecture _xChina _xFujian Sheng _92274 |
||
| 942 |
_2lcc _cBK-TR _kTR |
||
| 999 |
_c7140 _d7140 |
||